| 000 | 01002cam a22002653a 4500 | ||
|---|---|---|---|
| 001 | 33014 | ||
| 003 | PGUSA | ||
| 005 | 20140828083720.0 | ||
| 008 | 100628s2010||||xxu|||||s|||||000 | eng d | ||
| 040 |
_aPGUSA _beng |
||
| 042 | _adc | ||
| 050 | 4 | _aBV | |
| 100 | 1 |
_aMoody, Dwight Lyman, _d1837-1899 |
|
| 245 | 1 | 0 |
_aTo The Work! To The Work! Exhortations to Christians _h[electronic resource] / _cDwight Lyman Moody |
| 260 |
_bProject Gutenberg, _c2010 |
||
| 505 | 0 | _a"Take ye away the stone" -- Love, the motive power for service -- Faith and courage -- Faith rewarded -- Enthusiasm -- The power of little things -- "She hath done what she could" -- Who is my neighbor?" -- "Ye are the light of the world." | |
| 506 | _aPublic domain in the USA. | ||
| 516 | _aElectronic text | ||
| 653 | _aWitness bearing (Christianity) | ||
| 653 | _aEvangelistic work | ||
| 653 | _aSermons, American | ||
| 830 | 0 |
_aProject Gutenberg _v33014 |
|
| 856 | 4 | 0 | _uhttp://www.gutenberg.org/ebooks/33014 |
| 942 | _cEB | ||
| 999 |
_c262269 _d262269 |
||